Industrial design : materials and manufacturing
Αποθηκεύτηκε σε:
| Κύριος συγγραφέας: | |
|---|---|
| Μορφή: | Βιβλίο |
| Γλώσσα: | English |
| Δημοσίευση: |
New York :
Wiley,
c1999
|
| Θέματα: | |
| Ετικέτες: |
Προσθήκη ετικέτας
Δεν υπάρχουν, Καταχωρήστε ετικέτα πρώτοι!
|
MARC
| LEADER | 00000nam a2200000 i 4500 | ||
|---|---|---|---|
| 001 | 1/21397 | ||
| 008 | 010918s1999 eng d | ||
| 020 | |a 0-471-29769-0 | ||
| 035 | |l 10067287 | ||
| 040 | |a GR-MY-UA |b gre |e aacr | ||
| 041 | 0 | |a eng | |
| 082 | 0 | |a 745.2 | |
| 100 | 1 | |a Lesko, Jim. | |
| 245 | 1 | 0 | |a Industrial design : |b materials and manufacturing / |c Jim Lesko |
| 260 | |a New York : |b Wiley, |c c1999 | ||
| 300 | |a vi, 216 p.; |b ill.; |c 22 cm. | ||
| 504 | |a Includes index | ||
| 650 | 0 | 0 | |a Industrial design. |
| 650 | 0 | 0 | |a Manufacturing processes. |
| 650 | 0 | 0 | |a Materials. |
| 852 | |a INST |b SYROS |e 20010918 |h 745.2 LES |p 005500001201 |q 005500001201 |t BK |y 0 | ||
| 852 | |a INST |b SYROS |e 20010918 |h 745.2 LES |p 005500001202 |q 005500001202 |t BK |y 0 | ||
| 901 | |a BIBL5-2001-3 | ||
| 909 | |a Ε |b 088158 | ||
| 909 | |a Ε |b 088159 | ||
| 922 | |a 5ΕΛΗ |b 200108 |c ΕΠΕΑΕΚ2/183 |d ΠΑΠΑΣΩΤΗΡΙΟΥ | ||
| 970 | |a ΚΟΝΤΟΥ |b ΠΑΡΑΣΚΕΥΗ |z 2001/09/18 | ||